Androids, time machines, and blue giraffes; (Record no. 53040)

MARC details
000 -LEADER
fixed length control field 01574nam a2200265 4500
001 - CONTROL NUMBER
control field 3606587
005 - DATE AND TIME OF LATEST TRANSACTION
control field 20180608100945.0
008 - FIXED-LENGTH DATA ELEMENTS--GENERAL INFORMATION
fixed length control field 730920s1973 ilu 000 1 eng
010 ## - LIBRARY OF CONGRESS CONTROL NUMBER
LC control number 72085580
020 ## - INTERNATIONAL STANDARD BOOK NUMBER
International Standard Book Number 0695803697
-- 0695403699 (lib. bdg.)
040 ## - CATALOGING SOURCE
Original cataloging agency DLC
Transcribing agency DLC
Modifying agency DLC
050 00 - LIBRARY OF CONGRESS CALL NUMBER
Classification number PZ1
Item number .E49 1973
082 00 - DEWEY DECIMAL CLASSIFICATION NUMBER
Classification number 808.83/876
100 1# - MAIN ENTRY--PERSONAL NAME
Personal name Elwood, Roger,
Relator term comp.
245 10 - TITLE STATEMENT
Title Androids, time machines, and blue giraffes;
Remainder of title a panorama of science fiction,
Statement of responsibility, etc compiled by Roger Elwood and Vic Ghidalia.
260 ## - PUBLICATION, DISTRIBUTION, ETC. (IMPRINT)
Place of publication, distribution, etc Chicago,
Name of publisher, distributor, etc Follett Pub. Co.
Date of publication, distribution, etc [1973]
300 ## - PHYSICAL DESCRIPTION
Extent 381 p.
Dimensions 23 cm.
350 ## - PRICE (NR) (BK AM CF MU VM SE) [OBSOLETE]
Price $6.95
505 0# - FORMATTED CONTENTS NOTE
Formatted contents note Bierce, A. Moxon's master.--Williamson, J. Metal man.--Asimov, I. Lenny.--Payes, R. C. Grandma was never like this.--Maupassant, G. de. The Horla.--St. Clair, M. Counter charm.--Derleth, A. The house in the valley.--Temple, W. F. The unpicker.--Senarens, L. P. Frank Reade, Jr.'s air wonder.--Campbell, J. W. The machine.--Goulart, R. Calling Dr. Clockwork.--Posner, R. The running.--Poe, E. A. King Pest.--Lovecraft, H. P. White ape.--De Camp, L. S. The blue giraffe.--Silverberg, R. The mutant season.--Wells, H. G. Chronic Argonaut.--Farley, R. M. Time for sale.--Schmitz, J. H. Where the time went.--Sutton, J. Forerunner.--Verne, J. The Begum's fortune.--Binder, E. Son of the stars.--Clarke, A. C. Sunjammer.--Koontz, D. R. Terra phobia.
650 #0 - SUBJECT ADDED ENTRY--TOPICAL TERM
Topical term or geographic name as entry element Science fiction, American.
650 #0 - SUBJECT ADDED ENTRY--TOPICAL TERM
Topical term or geographic name as entry element Science fiction, English.
700 1# - ADDED ENTRY--PERSONAL NAME
Personal name Ghidalia, Vic,
Relator term joint comp.
906 ## - LOCAL DATA ELEMENT F, LDF (RLIN)
a 7
b cbc
c orignew
d 2
e opcn
f 19
g y-gencatlg
942 ## - ADDED ENTRY ELEMENTS (KOHA)
Source of classification or shelving scheme Library of Congress Classification
Item type Book
Holdings
Withdrawn status Lost status Source of classification or shelving scheme Damaged status Not for loan Collection code Home library Current library Shelving location Date acquired Source of acquisition Cost, normal purchase price Total Checkouts Full call number Barcode Date last borrowed Copy number Price effective from Koha item type
    Library of Congress Classification     Fiction Bishop Okullu Memorial Library (Limuru Campus) Bishop Okullu Memorial Library (Limuru Campus) General Circulation 08/06/2018 Donation-BFA 500.00 1 PZ1 .E49 1973 059192 17/03/2021 1 08/06/2018 Book